Name Every Show to Ever Play at the Al Hirschfeld Theatre - Statistics

General Stats
  • This quiz has been taken 3 times
  • The average score is 3 of 112
Answer Stats
Year Opened Show % Correct
2019 Moulin Rouge!
100%
1987 Into the Woods
67%
2011 How to Succeed in Business Without Really Trying
33%
2013 Kinky Boots
33%
1968 | 2002 Man of La Mancha
33%
1943 A Connecticut Yankee
0%
1966 A Delicate Balance
0%
1983 All's Well That Ends Well
0%
1997 Annie
0%
1947 Antony and Cleopatra
0%
2008 A Tale of Two Cities
0%
1965 Baker Street
0%
1937 Barchester Towers
0%
1947 Barefoot Boy with Creek
0%
1981 Bring Back Birdie
0%
1960 Bye Bye Birdie
0%
1940 Cabin in the Sky
0%
1964 Cafe Crown
0%
1956 Candide
0%
1925 Captain Jinks
0%
1982 Come Back to the Five and Dime Jimmy Dean, Jimmy Dean
0%
2007 Curtains
0%
1996 David Copperfield, Dreams and Nightmares
0%
1977 Dracula
0%
1965 Drat! The Cat!
0%
1929 Dynamo
0%
1948 Edward, My Son
0%
2010 | 2012 Elf the Musical
0%
1997 Eugene Onegin
0%
2012 Fela!
0%
1934 | 1936 | 1939 Gilbert and Sullivan Series
0%
1949 Goodbye, My Fancy
0%
1989 Grand Hotel
0%
1992 Guys and Dolls
0%
1975 Habeas Corpus
0%
2009 Hair
0%
1967 Hallelujah, Baby!
0%
1977 Happy End
0%
1937 High Tor
0%
1938 How to Get Tough About It
0%
1964 I Had a Ball
0%
1944 Jacobowsky and the Colonel
0%
1946 Jeb
0%
1999 Kiss Me, Kate
0%
1939 Ladies and Gentlemen
0%
1959 Les Ballets Africains
0%
1924 Madame Pompadour
0%
1956 Major Barbara
0%
1965 Marat/Sade
0%
1958 Maria Golovin
0%
1961 Milk and Honey
0%
1956 Mister Johnson
0%
1995 Moon Over Buffalo
0%
1963 Mother Courage and Her Children
0%
1952 Mrs. McThing
0%
1942 My Sister Eileen
0%
1928 Night Hostess
0%
1965 Oliver!
0%
1945 On the Town
0%
1980 Onward Victoria
0%
1957 Orpheus Descending
0%
1929 Porgy
0%
1931 Reunion in Vienna
0%
1950 Ring Round the Moon
0%
1934 | 1935 Romeo and Juliet
0%
1948 Sally
0%
1958 Say, Darling
0%
1946 St. Louis Woman
0%
1963 Strange Interlude
0%
1959 Sweet Bird of Youth
0%
2005 Sweet Charity
0%
2002 Sweet Smell of Success
0%
1985 Take Me Along
0%
1930 The Apple Cart
0%
1963 The Ballad of the Sad Cafe
0%
1935 The Barretts of Wimpole Street
0%
1997 The Cherry Orchard
0%
1943 The Corn Is Green
0%
1953 The Crucible
0%
1950 The Curious Savage
0%
1939 The Devil and Daniel Webster
0%
1981 The First
0%
1952 The Grass Harp
0%
1961 The Happiest Girl in the World
0%
1931 The House of Connelly
0%
1946 The Iceman Cometh
0%
1933 The Lake
0%
1981 The Little Foxes
0%
1942 The Moon Is Down
0%
1964 The Physicists
0%
1984 The Rink
0%
1951 The Rose Tattoo
0%
1926 The Shanghai Jesture
0%
1927 The Shannons of Broadway
0%
1998 The Sound of Music
0%
1953 The Teahouse of the August Moon
0%
1958 The Tunnel of Love
0%
1947 The Voice of the Turtle
0%
2006 The Wedding Singer
0%
1938 Victoria Regina
0%
1941 Watch on the Rhine
0%
1958 Who Was That Lady I Saw You With?
0%
1928 Wings of Europe
0%
1935 Winterset
0%
2003 Wonderful Town
0%
1934 Yellow Jack
0%
1948 You Can Never Tell
0%
No matching quizzes found
Score Distribution
Percent of People with Each Score
Percentile by Number Answered
Your Score History
You have not taken this quiz